Statistics for Cabinet Ministers of Singapore

Click here to take the quiz!

General Stats

  • This quiz has been taken 58 times
    (54 since last reset)
  • The average score is 9 of 19

Answer Stats

RoleAnswer% Correct
Prime MinisterLee Hsien Loong
100%
Minister for Home Affairs/Minister for LawK Shanmugam
68%
Minister for EducationOng Ye Kung
66%
Minister for Foreign AffairsVivan Balakrishnan
62%
Minister for Transport/Coordinating Minister for InfrastructureKhaw Boon Wan
53%
Minister for Trade and IndustryChan Chun Sing
51%
Minister for FinanceHeng Swee Keat
51%
Deputy Prime Minister/Coordinating Minister for National SecurityTeo Chee Hean
51%
Deputy Prime Minister/Coordinating Minister for Economic and Social PoliciesTharman Shanmugaratnam
51%
Minister for DefenceNg Eng Hen
49%
Minister for Manpower/Second Minister for Home AffairsJosephine Teo
47%
Minister for National Development/Second Minister for FinanceLawrence Wong
47%
MInister for Culture, Community and YouthGrace Fu Hai Yien
45%
Minister for HealthGan Kim Yong
43%
Minister for Communications and InformationS Iswaran
40%
Minister for the Environment and Water ResourcesMasagos Zulkifli
32%
Minister for Social and Family Development/Second Minister for National DevelopmentDesmond Lee
28%
Minister in Prime Minister's Office/Second Minister for Finance/Second Minister for EducationIndranee Thurai Rajah
28%
Minister in Prime Minister's Office (PMO)Ng Chee Meng
26%

Score Distribution

Percentile by Number Answered

Percent of People with Each Score

Your Score History

You have not taken this quiz since the last reset